| 000 | 00939nam a22002297a 4500 | ||
|---|---|---|---|
| 001 | 1344 | ||
| 005 | 20230818095336.0 | ||
| 008 | 230818b cb ||||| |||| 00| 0 eng d | ||
| 020 | _a9781407503479 | ||
| 040 |
_aFISKH _beng _cFISKH _dFISKH |
||
| 082 | _a823.92 | ||
| 100 | _aHarker, Julian | ||
| 245 |
_aOakey's perfect day _cWritten by Killian Harker, Illustrated by Andy Everitt-Stewart |
||
| 250 | _aThis edition published in 2007 | ||
| 260 |
_aBath : _bParragon, _c2006 |
||
| 300 |
_a25 unnumbered pages : _bcolor illustrations ; _c20 cm |
||
| 505 | _aF | ||
| 520 | _a"Oakey goes exploring, making some new friends along the way. But when he gets lost in the big, wide world, who will help Oakey? Luckily Duck, Pig, and Horse come to the rescue and lead him safely back home. Oakey's exciting day has been ... just perfect!"--P. [4] of cover. | ||
| 521 |
_a300
_bLexile estimate |
||
| 521 |
_aF
_bRaz-Plus |
||
| 942 |
_2ddc _cBK _n0 |
||
| 999 |
_c1344 _d1344 |
||